Utopía y Barbarie (Registro nro. 2081)
[ vista simple ]
| 000 -LEADER | |
|---|---|
| fixed length control field | 01985nam a22001937a 4500 |
| 003 - CONTROL NUMBER IDENTIFIER | |
| control field | OSt |
| 005 - DATE AND TIME OF LATEST TRANSACTION | |
| control field | 20260429090452.0 |
| 008 - FIXED-LENGTH DATA ELEMENTS--GENERAL INFORMATION | |
| fixed length control field | 260429b |||||||| |||| 00| 0 eSP d |
| 100 ## - MAIN ENTRY--PERSONAL NAME | |
| Personal name | Gabriel Garcia Márquez |
| Dates associated with a name | Miguel Ángel Asturias |
| 245 ## - TITLE STATEMENT | |
| Title | Utopía y Barbarie |
| 260 ## - PUBLICATION, DISTRIBUTION, ETC. | |
| Place of publication, distribution, etc. | QUITO-ECUADOR |
| Name of publisher, distributor, etc. | Editorial Triana |
| Date of publication, distribution, etc. | xx |
| 300 ## - PHYSICAL DESCRIPTION | |
| Extent | 104 pag |
| 490 ## - SERIES STATEMENT | |
| Materials specified | cubierta blanda |
| 520 ## - SUMMARY, ETC. | |
| Summary, etc. | Utopía y Barbarie<br/> <br/>Exploración de conocimientos previos<br/> <br/>- ¿Es posible una relación entre literatura y política?<br/>- Explica esta expresión: La poesía es un arma cargada de palabras.<br/>- Además de la poesía en verso, ¿hay otros géneros literarios que aborden temas políticos?<br/>- ¿Cuál es el género más apto para exponer asuntos relacionados con la política?<br/>- ¿Desde cuándo afloraron temas políticos en la literatura?<br/>- ¿Qué entorno social y económico es el más propicio para el nacimiento de una literatura política?<br/>- ¿Puede haber un teatro político?<br/>- ¿Qué temas abordaría un teatro político?<br/>- ¿Qué temas enfocarías si llegaras a escribir una novela de tinte político?<br/>- ¿Por qué consideras que la novela es un instrumento para la denuncia social?<br/>- ¿Has leído alguna novela con contenido político? Indica cuál y explica su contenido.<br/>- ¿Pueden estas novelas de contenido social y político confrontar las ideas de utopía y barbarie? ¿Cómo?<br/>- Relación entre literatura y política en manifestaciones literarias de diferentes épocas y contextos<br/> <br/>A lo largo de la historia, las obras literarias han servido para criticar asuntos de índole política. Inclusive los autores de tragedia como Sófocles, Esquilo y Eurípides lo hicieron. Criticaron a sus gobernantes a través de los diálogos de sus obras de teatro. Shakespeare también lo hizo siglos después, cuando criticó en sus tragedias |
| 650 ## - SUBJECT ADDED ENTRY--TOPICAL TERM | |
| Form subdivision | el Otoño del Patriarca |
| 651 ## - SUBJECT ADDED ENTRY--GEOGRAPHIC NAME | |
| General subdivision | EL SEÑOR PRESIDENTE |
| 700 ## - ADDED ENTRY--PERSONAL NAME | |
| Personal name | Gabriel Garcia Márquez |
| 942 ## - ADDED ENTRY ELEMENTS (KOHA) | |
| Source of classification or shelving scheme | Dewey Decimal Classification |
| Koha item type | Acceso Libre |
| Suppress in OPAC | No |
| Withdrawn status | Lost status | Source of classification or shelving scheme | Damaged status | Not for loan | Home library | Current library | Shelving location | Date acquired | Source of acquisition | Coded location qualifier | Inventory number | Total checkouts | Full call number | Barcode | Date last seen | Copy number | Price effective from | Koha item type |
|---|---|---|---|---|---|---|---|---|---|---|---|---|---|---|---|---|---|---|
| Dewey Decimal Classification | Biblioteca Stanford | Biblioteca Stanford | Biblioteca Abierta | 29.04.2026 | LECTURA | 0500 | 0500 | Literatura | BIBLIO0500 | 29.04.2026 | 1 | 29.04.2026 | Acceso Libre |